| 000 | 00392cam a2200169ua 4500 | ||
|---|---|---|---|
| 020 | _c1.50 | ||
| 041 |
_amal _h |
||
| 082 |
_a894.8124 _bMRB/MU |
||
| 100 | _aM R B, . | ||
| 245 |
_aMukhachayakal / _cMRB. _hTextual Documents |
||
| 260 |
_aThrissur : _bThe Mangalodayam Pvt Ltd , _c1961. |
||
| 300 | _a108 ; . | ||
| 365 | _a1.50 | ||
| 504 | _a | ||
| 942 | _cBK | ||
| 999 |
_c5926 _d5926 |
||